000 nam a22 a 4500
999 _c51287
_d51287
003 BLK
005 20221017125928.0
008 180408b bul|||||r ||||||| ||bul||
010 _aKNG00055189000
040 _aBLK
041 _aBUL
_cBUL
080 _aАнатомия. Вж и 572 ; 591.4 ; 616.1/.9 ; 343.9 ; 743
_b611
_x(075.8)
_z611(075.8)
080 _aФизиология
_b612
_x(075.8)
_z612(075.8)
100 1 _aВасилев, Васил Асенов
_eпърви автор
_9365402
139 _aАнатомия и физиология за фармацевти
_bА 64
245 1 0 _aАнатомия и физиология за фармацевти
_bУчебник за студенти
_cВасил Асенов Василев.
257 _aBGR
260 _aСофия
_bМедицина и физкултура
_c1976
300 _a375 с.
_bс ил.
_c20 см
380 _a61
500 _aДруги авт. : Ас. Иванов, Ст. Белчева, Ц. Братанова, Н. Стефанова
650 4 _aАнатомия - учебници за ВУЗ
_9241831
650 4 _aФизиология - учебници за ВУЗ
_9246602
653 _aанатомия
653 _aфизиология
653 _aучебници за ВУЗ
852 _aЦб 81445
856 4 _qpdf
_i0.00
_ldisable
856 4 _qpdf
_i0.00
_ldisable
942 _cKNG
_n0
_01
_s1
944 _aCR
_c16.06.2011
_l16.06.2011 - от С1,Р / 16.06.2011
_kГеновева_Генчева
944 _aED
_c2022-10-17
_kир
999 _d51287